The Kerala agriculturists debt relief act, 1958, Act 31 of 1958 (amendments and decisions up-to-date) and Cochin agriculturists relief act, 1114 / (Record no. 70186)
[ view plain ]
| 000 -LEADER | |
|---|---|
| fixed length control field | 00796cam a22002531 4500 |
| 001 - CONTROL NUMBER | |
| control field | sa 66005867 |
| 003 - CONTROL NUMBER IDENTIFIER | |
| control field | DLC |
| 005 - DATE AND TIME OF LATEST TRANSACTION | |
| control field | 20260227112252.0 |
| 008 - FIXED-LENGTH DATA ELEMENTS--GENERAL INFORMATION | |
| fixed length control field | 910418s1963 ii 000 0 eng |
| 010 ## - LIBRARY OF CONGRESS CONTROL NUMBER | |
| LC control number | sa 66005867 |
| 035 ## - SYSTEM CONTROL NUMBER | |
| System control number | (OCoLC)24197102 |
| 040 ## - CATALOGING SOURCE | |
| Original cataloging agency | DLC |
| Transcribing agency | ViU |
| Modifying agency | DLC |
| 042 ## - AUTHENTICATION CODE | |
| Authentication code | premarc |
| 050 00 - LIBRARY OF CONGRESS CALL NUMBER | |
| Classification number | KNT8600.9.A311958 |
| Item number | P38 1963 |
| 110 1# - MAIN ENTRY--CORPORATE NAME | |
| Corporate name or jurisdiction name as entry element | Kerala (India) |
| 240 10 - UNIFORM TITLE | |
| Uniform title | Laws, etc. |
| 245 14 - TITLE STATEMENT | |
| Title | The Kerala agriculturists debt relief act, 1958, Act 31 of 1958 (amendments and decisions up-to-date) and Cochin agriculturists relief act, 1114 / |
| Statement of responsibility, etc. | with notes by C.V. Paul & T.P. Diaz. |
| 250 ## - EDITION STATEMENT | |
| Edition statement | [1st ed.] |
| 260 ## - PUBLICATION, DISTRIBUTION, ETC. | |
| Place of publication, distribution, etc. | [Trichur] |
| Date of publication, distribution, etc. | 1963. |
| 300 ## - PHYSICAL DESCRIPTION | |
| Extent | 155 p. ; |
| Dimensions | 22 cm. |
| 650 #0 - SUBJECT ADDED ENTRY--TOPICAL TERM | |
| Topical term or geographic name entry element | Agricultural credit |
| Geographic subdivision | India |
| -- | Kerala. |
| 700 1# - ADDED ENTRY--PERSONAL NAME | |
| Personal name | Paul, C. V. |
| 700 1# - ADDED ENTRY--PERSONAL NAME | |
| Personal name | Diaz, T. P. |
No items available.